Piłkarze Manchesteru Utd w sezonie (25/26) - Statystyki

Ogólne statystyki
  • Ten quiz został rozwiązany 207 razy
    157 od ostatniego zresetowania
  • Średni wynik to 14 z 20
Answers on the Grid
Answers color-coded by a green-red scale on the quiz's grid according to % correct below.
Benjamin Šeško
Raphaël Varane
Donny van de Beek
Matthijs de Ligt
Kobbie Mainoo
Scott McTominay
Rasmus Højlund
Manuel Ugarte
Joshua Zirkzee
Amad Diallo
Aaron Wan-Bissaka
Leny Yoro
Bryan Mbeumo
Christian Eriksen
Jadon Sancho
Luke Shaw
Tom Heaton
Antony
Noussair Mazraoui
Bruno Fernandes
Anthony Martial
Diogo Dalot
Lisandro Martínez
Altay Bayındır
Harry Maguire
Casemiro
Matheus Cunha
Mason Greenwood
Senne Lammens
Mason Mount
 
Statystyki odpowiedzi
Odpowiedź % Poprawnych
Benjamin Šeško
100%
Kobbie Mainoo
86%
Matthijs de Ligt
86%
Bryan Mbeumo
75%
Amad Diallo
73%
Joshua Zirkzee
73%
Manuel Ugarte
73%
Casemiro
71%
Harry Maguire
71%
Luke Shaw
71%
Bruno Fernandes
70%
Diogo Dalot
70%
Lisandro Martínez
70%
Senne Lammens
70%
Mason Mount
66%
Matheus Cunha
66%
Noussair Mazraoui
66%
Leny Yoro
63%
Altay Bayındır
57%
Tom Heaton
52%
Nie znaleziono quizów pasujących do podanych kryteriów
Rozkład punktacji
Procent ludzi z każdym wynikiem
Percentyl według liczby udzielonych odpowiedzi
Twoja historia wyników
Nie rozwiązałeś tego quizu od ostatniego zresetowania